|
|
|
|
| LEADER |
00000cam a2200000 7i4500 |
| 001 |
0000038607 |
| 005 |
20060213093000.0 |
| 008 |
021119s1987 |
| 090 |
0 |
0 |
|a BP182
|b .S2 1987
|
| 100 |
0 |
|
|a سياف, عبد رب الرسول ,
|e author
|
| 241 |
0 |
0 |
|a Mu'tamar al-Qimmah al-Islamiyyah (5th :1987 :
|c Kuwait)
|
| 245 |
1 |
0 |
|a كلمة الاتحاد الاسلامى لمجاهدى افغانستان فى مؤتمر القمة الاسلامى الخامس
|c عبد رب الرسول سياف
|
| 260 |
2 |
|
|a London :
|b Rayan Productions ,
|c 1987
|
| 300 |
|
|
|a 1 videocassette
|
| 650 |
|
0 |
|a Jihad
|
| 745 |
1 |
0 |
|a كلمة مؤتمر القمه الاسلامى بالكويت
|
| 999 |
|
|
|a 1000088145
|b Video Tape
|c Close Access
|e Gong Badak Campus
|